000
00328nam a2200133Ia 4500
005
20251222152656.0
008
251222s9999||||xx |||||||||||||| ||spa||
020
_a
9507521402
082
_a
305.896.073/G74
100
_a
Gordon, Matthew S.
245
0
_a
Los Grandes Lideres de Siglo XX
264
_b
Hyspamerica
942
_c
LIB
999
_c
28626
_d
28626